[Event "IND-ch U15 48th"]
[Site "Jalgaon"]
[Date "2023.12.31"]
[Round "6"]
[White "Arshpreet, Singh"]
[Black "Madhvendra, Pratap Sharma"]
[Result "1/2-1/2"]
[WhiteElo "1878"]
[BlackElo "1803"]
[PlyCount "112"]
[EventDate "2023.12.27"]
[EventType "swiss"]
[EventRounds "11"]
[EventCountry "IND"]
[SourceTitle "CB02_2024"]
[SourceDate "2024.01.10"]
[SourceVersion "1"]
[SourceVersionDate "2024.01.10"]
[SourceQuality "1"]

1. e4 e6 2. c4 d5 3. cxd5 exd5 4. exd5 Nf6 5. Bb5+ Nbd7 6. Nc3 a6 7. Be2 Bd6 8. d4 h6 9. Bf3 Nb6 10. Nge2 0-0 11. 0-0 Bf5 12. Ng3 Qd7 13. Qb3 Bg4 14. Nce4 Nxe4 15. Nxe4 Bxf3 16. Qxf3 Nxd5 17. Nc5 Bxc5 18. dxc5 Qc6 19. Rd1 Rad8 20. Be3 Nxe3 21. Qxc6 bxc6 22. fxe3 Rfe8 23. Kf2 Rb8 24. Rd2 Re5 25. Rc1 Rd5 26. Rcc2 Rf5+ 27. Kg3 Rb5 28. Rd8+ Kh7 29. Ra8 a5 30. Ra7 Rfxc5 31. Re2 Rg5+ 32. Kf2 Rgf5+ 33. Ke1 Rbc5 34. Rxc7 Rc1+ 35. Kd2 Rfc5 36. Kd3 Rd5+ 37. Ke4 Rc4+ 38. Kf3 Rf5+ 39. Kg3 Rg5+ 40. Kf2 Rf5+ 41. Ke1 Rc1+ 42. Kd2 Rfc5 43. Ra7 Ra1 44. a3 Rb1 45. Kd3 Rd1+ 46. Ke4 Rf1 47. Kd4 Rb5 48. Rc7 Rd1+ 49. Ke4 f5+ 50. Kf3 Rf1+ 51. Kg3 f4+ 52. exf4 Rb3+ 53. Kg4 h5+ 54. Kxh5 Rxf4 55. Kg5 Rf6 56. g4 Rbf3 1/2-1/2

[Event "Bhubaneswar op-A 14th"]
[Site "Bhubaneswar"]
[Date "2023.06.13"]
[Round "3"]
[White "Madhvendra, Pratap Sharma"]
[Black "Barseghyan, Armen Ar"]
[Result "0-1"]
[WhiteElo "1766"]
[BlackElo "2373"]
[PlyCount "116"]
[EventDate "2023.06.11"]
[EventType "swiss"]
[EventRounds "10"]
[EventCountry "IND"]
[SourceTitle "CBM 214 Extra"]
[Source "ChessBase"]
[SourceDate "2023.07.31"]
[SourceVersion "1"]
[SourceVersionDate "2023.07.31"]
[SourceQuality "1"]

1. e4 c5 2. Nf3 Nc6 3. d4 cxd4 4. Nxd4 g6 5. Nc3 Bg7 6. Be3 Nf6 7. Bc4 0-0 8. Bb3 d6 9. f3 Bd7 10. Qd2 Ne5 11. 0-0-0 Qa5 12. Kb1 Rfc8 13. h4 b5 14. Bg5 Nc4 15. Bxc4 bxc4 16. Bxf6 Bxf6 17. Nd5 Qxd2 18. Nxf6+ Kg7 19. Nh5+ gxh5 20. Rxd2 c3 21. Rd3 cxb2 22. Rb3 Kf6 23. f4 Rc4 24. e5+ dxe5 25. fxe5+ Kxe5 26. Re1+ Kf6 27. Rf3+ Kg6 28. c3 Bg4 29. Rg3 e6 30. Kxb2 Rb8+ 31. Nb3 Rb5 32. Rd3 a5 33. Ka3 Bf5 34. Rg3+ Kf6 35. Rc1 Rd5 36. Rf1 Rxh4 37. Nd4 Rg4 38. Rh3 Kg6 39. Nf3 Rc5 40. Kb2 Rxg2+ 41. Kb3 Bxh3 42. Nh4+ Kg7 43. Nxg2 Bxg2 44. Rg1 Rg5 45. c4 h4 46. Ka3 h3 47. c5 h2 48. Rc1 h1Q 49. Rxh1 Bxh1 50. c6 Bxc6 51. Kb3 h5 52. Ka3 h4 53. Kb3 h3 54. Ka3 h2 55. Kb3 h1Q 56. Ka3 Qh3+ 57. Kb2 Rg2+ 58. Ka1 Qh1# 0-1

[Event "IND-ch U15 47th"]
[Site "New Delhi"]
[Date "2022.12.01"]
[Round "5"]
[White "Bagwe, Gaurang"]
[Black "Madhvendra, Pratap Sharma"]
[Result "1-0"]
[WhiteElo "1965"]
[BlackElo "1634"]
[PlyCount "75"]
[EventDate "2022.11.28"]
[EventType "swiss"]
[EventRounds "11"]
[EventCountry "IND"]
[SourceTitle "CBM 211 Extra"]
[Source "ChessBase"]
[SourceDate "2023.01.31"]
[SourceVersion "1"]
[SourceVersionDate "2023.01.31"]
[SourceQuality "1"]

1. e4 e6 2. d4 d5 3. Nc3 Nf6 4. e5 Nfd7 5. Nce2 c5 6. c3 Nc6 7. Nf3 b5 8. Nf4 Qb6 9. Be2 a5 10. 0-0 Ba6 11. Be3 b4 12. c4 cxd4 13. Nxd4 Nxd4 14. Bxd4 Bc5 15. Bxc5 Nxc5 16. cxd5 Bxe2 17. Qxe2 exd5 18. Nxd5 Qb7 19. Rac1 Ne6 20. Qe4 Rb8 21. f4 Qa7+ 22. Kh1 0-0 23. f5 Ng5 24. Qg4 h6 25. h4 Rbd8 26. Rfd1 Rxd5 27. Rxd5 Qe3 28. Rc4 Ne6 29. Re4 Qb6 30. fxe6 fxe6 31. Rd1 b3 32. axb3 a4 33. Rf4 Rxf4 34. Qxf4 a3 35. bxa3 h5 36. Rd7 g5 37. Qf7+ Kh8 38. Qg7# 1-0